000 00298nam a22001217a 4500
008 180606b xxu||||| |||| 00| 0 eng d
041 _aeng
080 _a043.3
100 _a0
101 _aSI-BTH
245 _aSiguria e informacionit në sektorin bankar të Kosovës
_cLatifi,L
942 _2udc
_cBK
999 _c46396
_d46396